Кн. 1 : Механика; Курс общей физики

Detaylı Bibliyografya
Parent link:Курс общей физики: в 5 кн./ И. В. Савельев. Кн. 1 : Механика.— , 2002.— 5-17-008962-7
Dil:Rusça
Baskı/Yayın Bilgisi: 2002
Konular:
Materyal Türü: MixedMaterials Kitap
KOHA link:https://koha.lib.tpu.ru/cgi-bin/koha/opac-detail.pl?biblionumber=43222

MARC

LEADER 00000nam2a2200000 4500
001 43222
005 20231101210813.0
010 |a 5170029632 
010 |a 5-271-01034-1 
035 |a (RuTPU)RU\TPU\book\44669 
090 |a 43222 
100 |a 20021002d2002 m y0rusy50 ca 
101 0 |a rus 
102 |a RU 
105 |a a j 001zy 
200 0 |a Кн. 1 : Механика 
210 |d 2002 
215 |a 336 с.  |c ил. 
320 |a Предм. указ.: с. 334-336. 
461 1 |0 (RuTPU)RU\TPU\book\45401  |y 5-17-008962-7  |y 5-271-01033-3  |t Курс общей физики  |o в 5 кн.  |f И. В. Савельев  |v Кн. 1 : Механика  |d 2002 
606 1 |a Физика  |2 stltpush  |3 (RuTPU)RU\TPU\subj\63709  |9 80688 
606 |a Механика  |2 stltpush  |3 (RuTPU)RU\TPU\subj\67812  |9 83462 
610 1 |a кинематика 
610 1 |a законы сохранения 
610 1 |a неинерциальные системы 
610 1 |a твердые тела 
610 1 |a релятивистская механика 
610 1 |a гравитация 
610 1 |a колебательные системы 
610 1 |a гидродинамика 
610 1 |a учебные пособия 
675 |a 53(075.8)  |v 3 
675 |a 531(075.8)  |v 3 
801 1 |a RU  |b 63413507  |c 20021002  |g PSBO 
801 2 |a RU  |b 63413507  |c 20140221  |g PSBO 
942 |c BK